1316 1608 1065 1426 1452 1614 1150 1624 1479 1295 1358 1185 1617 1301 1859 1589 1133 1545 1824 1283 1526 1974 1611 1761 1068 1255 1705 1755 1685 1112 1160 1718 1899 1493 1235 1999 1674 1437 1569 1374 1255 1064 1070 1282 1875 1298 1097 1329 1280 1718 1599 1275 1688 1557 1911 1895 1560 1126 1778 1385 1804 1688 1701 1897 1840 1495 1329 1711 1483 1274 1198 1560 1128 1388 1094 1558 1457 1800 1263 1138 1310 1541 1403 1657 1520 1280 1099 1476 1527 1133 1639 1520 1938 1253 1016 1303 1024 1968 1096 BCNSPRNW ULIB Ver.6.0+V

เปลี่ยนเป็นภาษาไทย

Change to English
 แสดงรายละเอียดบรรณานุกรม
  กลับหน้าหลัก

Brief Record : Get Marc (ISO 2709) : E-mail record : QR code < ปิดหน้าต่าง
LEADER : 00000nam 2200000uu 4500
001    13399114057
003     ULIB
008    110627s||||||||th 000 0 tha d
020    9789747446579
090    นว.^bว859ห 2550
100 0  ฌามิวอาห์
245 00 ริยาห พายุทราย สายลมรัก/^cฌามิวอาห์
250    พิมพ์ครั้งที่ 2
260    กรุงเทพฯ :^bแจ่มใส,^c2550
300    381 หน้า
710 1  แจ่มใส
945    ^p229^l0^i022887
995    ทศพร
999 ^a ใช้งานได้ทุกระบบ
รายการนี้ยังไม่มีแท็ก
คุณยังไม่ได้ล็อกอิน คุณสามารถมีกิจกรรมร่วมกับเว็บไซต์ได้ แต่ต้องล็อกอินก่อน ::
  ล็อกอิน

รายการสื่อสารสนเทศ

ลำดับที่ ประเภท เลขเรียก/บาร์โค้ด สถานที่ สถานะ
1. นวนิยาย
นวนิยาย
นว. ว859ห 2550 ฉ.1 
  Barcode: 022887
ห้องสมุดวิทยาเขตสวรรค์ประชารักษ์
►นวนิยาย
บนชั้น
  ขอยืม

รายการใกล้เคียง
    ผู้แต่ง [ฌามิวอาห์]

BibComment


ยังไม่เคยถูกคอมเมนท์

คอมเมนท์ทรัพยากรรายการนี้
  คอมเมนท์: ริยาห พายุทราย สา..


 Copyright 2026. Bcnsprnw @Library